[Event "España tch 1a Division Sur"]
[Site "Burguillos ESP"]
[Date "2007.08.22"]
[Round "1.72"]
[White "Mengual Bolo, Carlos"]
[Black "De La Cruz Sanchez, Carlos Gustavo"]
[Result "0-1"]
[WhiteElo "2145"]
[BlackElo "2278"]
[PlyCount "52"]
[EventDate "2007.08.22"]
[EventType "team"]
[EventRounds "1"]
[EventCountry "ESP"]
[EventCategory "1"]
[Source "lmi"]
[SourceDate "2007.08.22"]
[WhiteTeam "Oliva"]
[BlackTeam "Isla Bonita"]

1. d4 Nf6 2. Nf3 g6 3. Nbd2 d5 4. e3 Bg7 5. Bd3 c5 6. c3 Nc6 7. O-O O-O 8. dxc5
Qc7 9. e4 Rd8 10. Qe2 Bg4 11. h3 dxe4 12. Bxe4 Nxe4 13. Nxe4 Bf5 14. Bg5 Rd5
15. Rfd1 Rad8 16. Rxd5 Rxd5 17. g4 Be6 18. Bh4 h6 19. a3 Qd7 20. Re1 Rd3 21.
Bg3 Bc4 22. Kg2 Rxc3 23. Qd1 Rd3 24. Qc1 Bd5 25. Qc2 Rxf3 26. Kxf3 Nd4+ 0-1

[Event "España tch 1a Division Sur"]
[Site "Burguillos ESP"]
[Date "2007.08.22"]
[Round "1.73"]
[White "Hernandez Leon, Alberto"]
[Black "Pous Bargues, Jose Manuel"]
[Result "0-1"]
[WhiteElo "2275"]
[BlackElo "2115"]
[PlyCount "154"]
[EventDate "2007.08.22"]
[EventType "team"]
[EventRounds "1"]
[EventCountry "ESP"]
[EventCategory "1"]
[Source "lmi"]
[SourceDate "2007.08.22"]
[WhiteTeam "El Sauzal"]
[BlackTeam "Oliva"]

1. e4 e6 2. d4 d5 3. Nc3 Bb4 4. e5 c5 5. Bd2 a6 6. Nce2 Bxd2+ 7. Qxd2 cxd4 8.
f4 Nc6 9. Nf3 Nge7 10. O-O-O Qa5 11. Qxa5 Nxa5 12. Nexd4 Nec6 13. Bd3 Nxd4 14.
Nxd4 Nc6 15. Nf3 Bd7 16. g4 Na7 17. f5 Bb5 18. Ng5 Bxd3 19. Rxd3 h6 20. Nh3 Nc6
21. Re1 Ne7 22. Nf4 exf5 23. gxf5 Nxf5 24. e6 O-O 25. e7 Rfe8 26. Nxd5 Rac8 27.
Nb6 Rb8 28. Re5 Nh4 29. Rd7 Ng6 30. Re3 f6 31. Nc4 Ne5 32. Nxe5 fxe5 33. Rxe5
b5 34. Kd2 Rb6 35. Ke3 Rc6 36. c3 Rc4 37. Kd3 Rh4 38. Rf5 g6 39. Rf2 Kg7 40. b3
Rg4 41. c4 bxc4+ 42. bxc4 Rg5 43. Kd4 Rf5 44. Rxf5 gxf5 45. Ke5 Kf7 46. Kxf5
Rc8 47. e8=Q+ Kxe8 48. Rd4 Ke7 49. Re4+ Kd7 50. h4 Rc5+ 51. Kf6 h5 52. Rd4+ Kc6
53. Ke6 Ra5 54. Rd6+ Kc7 55. Rd2 Kc6 56. Rd6+ Kc7 57. Rd5 Rxa2 58. Rxh5 Kc6 59.
Rf5 Rc2 60. c5 a5 61. h5 a4 62. Rf8 Re2+ 63. Kf7 Rf2+ 64. Kg7 Rxf8 65. Kxf8 a3
66. h6 a2 67. h7 a1=Q 68. Kg8 Qg1+ 69. Kh8 Qd4+ 70. Kg8 Qg4+ 71. Kf7 Qh5+ 72.
Kg7 Qg5+ 73. Kf7 Qh6 74. Kg8 Qg6+ 75. Kh8 Kd7 76. c6+ Ke7 77. c7 Qf6+ 0-1

[Event "España tch 1a Division Sur"]
[Site "Burguillos ESP"]
[Date "2007.08.22"]
[Round "1.74"]
[White "Canet Llido, Vicente"]
[Black "Majul, Isolina"]
[Result "1-0"]
[WhiteElo "2062"]
[BlackElo "2101"]
[PlyCount "115"]
[EventDate "2007.08.22"]
[EventType "team"]
[EventRounds "1"]
[EventCountry "ESP"]
[EventCategory "1"]
[Source "lmi"]
[SourceDate "2007.08.22"]
[WhiteTeam "Oliva"]
[BlackTeam "Isla Bonita"]

1. d4 Nf6 2. Nf3 e6 3. e3 b6 4. Bd3 Bb7 5. b3 Be7 6. O-O O-O 7. Bb2 Ne4 8. Nbd2
f5 9. c4 Qe8 10. Qc2 Nxd2 11. Nxd2 Bg5 12. f4 Bf6 13. e4 Nc6 14. e5 Nb4 15. Qc3
Nxd3 16. Qxd3 Be7 17. Rae1 Qg6 18. Qh3 c5 19. Re3 Qh6 20. Qxh6 gxh6 21. Rh3
cxd4 22. Bxd4 Rf7 23. Rxh6 Rg7 24. Nf3 Rg4 25. Be3 Kg7 26. Rh3 Rg8 27. Rd1 Bc6
28. Rg3 Kf8 29. Rxg4 Rxg4 30. Kf2 Ke8 31. g3 Rg6 32. Nd4 Bc5 33. Nxc6 Bxe3+ 34.
Kxe3 dxc6 35. Rd6 c5 36. a4 Rh6 37. h4 Rg6 38. Kf3 h5 39. a5 Ke7 40. axb6 axb6
41. Rxb6 Kd7 42. b4 cxb4 43. Rxb4 Kc6 44. Rb8 Kc5 45. Rc8+ Kd4 46. c5 Kd5 47.
c6 Kc5 48. c7 Kc6 49. Rh8 Kxc7 50. Rxh5 Rg7 51. Rg5 Rh7 52. g4 fxg4+ 53. Kxg4
Kd7 54. h5 Ke7 55. Rg6 Kf7 56. Kg5 Rh8 57. h6 Rh7 58. Rf6+ 1-0

[Event "España tch 1a Division Sur"]
[Site "Burguillos ESP"]
[Date "2007.08.22"]
[Round "1.81"]
[White "Jimenez Martinez, Jose Vicente"]
[Black "Arizmendi Martinez, Julen Luis"]
[Result "0-1"]
[WhiteElo "2207"]
[BlackElo "2522"]
[PlyCount "74"]
[EventDate "2007.08.22"]
[EventType "team"]
[EventRounds "1"]
[EventCountry "ESP"]
[EventCategory "1"]
[Source "lmi"]
[SourceDate "2007.08.22"]
[WhiteTeam "Parque Sur"]
[BlackTeam "Evajedrez"]

1. d4 d6 2. c4 g6 3. Nc3 Bg7 4. e4 e5 5. d5 a5 6. g3 h5 7. Nf3 Na6 8. Bg2 Nf6
9. O-O Nc5 10. Qc2 Bd7 11. b3 c6 12. Be3 b6 13. Bxc5 bxc5 14. dxc6 Bxc6 15.
Rfd1 Qe7 16. h3 O-O 17. Nh2 Bh6 18. Nf1 h4 19. Qd3 Rfd8 20. Ne3 hxg3 21. fxg3
a4 22. Ned5 Bxd5 23. Nxd5 Nxd5 24. Qxd5 Be3+ 25. Kh2 Bd4 26. Rab1 axb3 27. axb3
Ra2 28. Rd3 Qf6 29. Rdd1 Rxg2+ 30. Kxg2 Qf2+ 31. Kh1 Qxg3 32. Rxd4 Qxh3+ 33.
Kg1 Qg3+ 34. Kf1 exd4 35. Rb2 Re8 36. Rg2 Qf3+ 37. Kg1 Qxe4 0-1

[Event "España tch 1a Division Sur"]
[Site "Burguillos ESP"]
[Date "2007.08.22"]
[Round "1.82"]
[White "Valmaña Canto, Jaime"]
[Black "Tierraseca Montero, Pablo"]
[Result "1-0"]
[WhiteElo "2346"]
[BlackElo "2119"]
[PlyCount "97"]
[EventDate "2007.08.22"]
[EventType "team"]
[EventRounds "1"]
[EventCountry "ESP"]
[EventCategory "1"]
[Source "lmi"]
[SourceDate "2007.08.22"]
[WhiteTeam "Evajedrez"]
[BlackTeam "Parque Sur"]

1. e4 d5 2. exd5 Qxd5 3. Nc3 Qa5 4. d4 Nf6 5. Bd2 c6 6. Bc4 Bg4 7. f3 Bf5 8. g4
Bc8 9. Qe2 Qc7 10. O-O-O b5 11. Bd3 b4 12. Ne4 Nd5 13. Nh3 a5 14. Rhe1 a4 15.
Bc4 Ba6 16. Nc5 Bxc4 17. Qxc4 e6 18. Bxb4 Nxb4 19. Qxb4 Nd7 20. Nxe6 fxe6 21.
Rxe6+ Kd8 22. Qc3 Bd6 23. d5 c5 24. Qxg7 Rf8 25. Ng5 Kc8 26. Ne4 Ra6 27. Kb1
Rb6 28. Qh6 Bf4 29. Qxh7 Be5 30. c3 Rxf3 31. Re8+ Kb7 32. Re7 Kc8 33. d6 Qd8
34. Rxd7 Qxd7 35. Qg8+ Qd8 36. Qe6+ Qd7 37. Qxe5 Rf8 38. Nxc5 Qxg4 39. d7+ Kd8
40. Nb7+ Rxb7 41. Qa5+ Ke7 42. d8=Q+ Rxd8 43. Qxd8+ Kf7 44. Rf1+ Kg6 45. Qf6+
Kh7 46. Qf5+ Qxf5+ 47. Rxf5 a3 48. b4 Rd7 49. Rf2 1-0

[Event "España tch 1a Division Sur"]
[Site "Burguillos ESP"]
[Date "2007.08.22"]
[Round "1.83"]
[White "Garcia Gata, Jorge D"]
[Black "Fernandez Gil, Marco Antonio"]
[Result "1-0"]
[WhiteElo "2110"]
[BlackElo "2270"]
[PlyCount "71"]
[EventDate "2007.08.22"]
[EventType "team"]
[EventRounds "1"]
[EventCountry "ESP"]
[EventCategory "1"]
[Source "lmi"]
[SourceDate "2007.08.22"]
[WhiteTeam "Parque Sur"]
[BlackTeam "Evajedrez"]

1. d4 Nf6 2. Nf3 e6 3. Bg5 d5 4. e3 Be7 5. Bd3 c5 6. c3 Nbd7 7. Nbd2 Qc7 8. O-O
b6 9. Ne5 Nxe5 10. dxe5 Qxe5 11. Bf4 Qh5 12. Bb5+ Bd7 13. Bxd7+ Kxd7 14. Qa4+
Kd8 15. Nf3 Nd7 16. e4 Bf6 17. Rad1 Qg4 18. Qc6 Rc8 19. Qd6 g5 20. Bxg5 Qxf3
21. gxf3 Rg8 22. h4 h6 23. exd5 e5 24. f4 hxg5 25. fxg5 Rg6 26. Qc6 Be7 27. Qa4
f6 28. d6 Bf8 29. f4 exf4 30. Qe4 Rg7 31. Rfe1 Ne5 32. d7 Nxd7 33. Qb7 fxg5 34.
Re8+ Kxe8 35. Qxc8+ Kf7 36. Rxd7+ 1-0

[Event "España tch 1a Division Sur"]
[Site "Burguillos ESP"]
[Date "2007.08.22"]
[Round "1.84"]
[White "Bermejo Martinez, Jorge"]
[Black "Benitez Fernandez, Pedro Vicente"]
[Result "1-0"]
[WhiteElo "2219"]
[BlackElo "1997"]
[PlyCount "53"]
[EventDate "2007.08.22"]
[EventType "team"]
[EventRounds "1"]
[EventCountry "ESP"]
[EventCategory "1"]
[Source "lmi"]
[SourceDate "2007.08.22"]
[WhiteTeam "Evajedrez"]
[BlackTeam "Parque Sur"]

1. Nf3 Nf6 2. c4 g6 3. d4 Bg7 4. Nc3 O-O 5. e4 d6 6. Be2 Nc6 7. d5 Nb8 8. O-O
Nbd7 9. Ne1 Nc5 10. f3 a5 11. Be3 b6 12. Nc2 Bd7 13. Rb1 h6 14. Qd2 Kh7 15. b3
e5 16. Na1 Nh5 17. a3 f5 18. b4 axb4 19. axb4 Rxa1 20. Rxa1 Nb3 21. Qc2 Nxa1
22. Rxa1 f4 23. Bf2 Nf6 24. Ra7 Ne8 25. c5 bxc5 26. bxc5 Rf7 27. c6 1-0

[Event "España tch 1a Division Sur"]
[Site "Burguillos ESP"]
[Date "2007.08.22"]
[Round "1.91"]
[White "Fernandez Garcia, Miguel Angel"]
[Black "Guerra Tulcan, Lenin"]
[Result "1-0"]
[WhiteElo "2306"]
[BlackElo "2254"]
[PlyCount "123"]
[EventDate "2007.08.22"]
[EventType "team"]
[EventRounds "1"]
[EventCountry "ESP"]
[EventCategory "1"]
[Source "lmi"]
[SourceDate "2007.08.22"]
[WhiteTeam "El Retiro"]
[BlackTeam "Magic B"]

1. d4 Nf6 2. c4 c5 3. d5 b5 4. Qc2 Na6 5. a3 b4 6. e4 d6 7. f4 Nd7 8. a4 e5 9.
dxe6 fxe6 10. Nf3 Be7 11. e5 dxe5 12. Bd3 b3 13. Qe2 Bb7 14. Nc3 exf4 15. Bxf4
O-O 16. Bg3 Nb4 17. Rd1 Nc2+ 18. Bxc2 bxc2 19. Qxc2 Bxf3 20. gxf3 Bf6 21. Ne4
Bd4 22. Ke2 Qe8 23. Rd3 Qh5 24. Rf1 Ne5 25. Bxe5 Qxe5 26. Kd1 Rad8 27. b3 Rf4
28. Qe2 Rh4 29. Ng3 Qxe2+ 30. Nxe2 Rxh2 31. b4 e5 32. b5 Rf8 33. Nxd4 exd4 34.
Rd2 Rh5 35. Re2 Rhf5 36. Re7 R5f7 37. Re5 Rc8 38. Ke2 Rb7 39. Kd3 Kf7 40. Rfe1
Rcc7 41. Rf5+ Kg6 42. Ree5 a6 43. Rxc5 axb5 44. axb5 Re7 45. Rce5 Red7 46. Rf4
Ra7 47. Rxd4 Ra3+ 48. Ke4 Rc7 49. b6 Rc6 50. c5 Rb3 51. Kd5 Rc8 52. Rg4+ Kf6
53. Rf4+ Kg6 54. Re6+ Kg5 55. Rf7 Rd3+ 56. Kc4 Rd1 57. Rc7 Ra8 58. Kb5 Rb1+ 59.
Kc6 Rc1 60. b7 Ra6+ 61. Kd7 Rd1+ 62. Rd6 1-0

[Event "España tch 1a Division Sur"]
[Site "Burguillos ESP"]
[Date "2007.08.22"]
[Round "1.92"]
[White "Garcia Romero, Benjamin Abel"]
[Black "Garcia Cuenca, Victor"]
[Result "1/2-1/2"]
[WhiteElo "2258"]
[BlackElo "2303"]
[PlyCount "86"]
[EventDate "2007.08.22"]
[EventType "team"]
[EventRounds "1"]
[EventCountry "ESP"]
[EventCategory "1"]
[Source "lmi"]
[SourceDate "2007.08.22"]
[WhiteTeam "Magic B"]
[BlackTeam "Retiro"]

1. d4 Nf6 2. Nf3 c5 3. d5 b5 4. Bg5 d6 5. Bxf6 exf6 6. Nbd2 f5 7. e3 a6 8. a4
b4 9. c3 bxc3 10. bxc3 Be7 11. Qc2 O-O 12. a5 g6 13. Bd3 Bb7 14. Qa2 Bf6 15.
Rb1 Ra7 16. c4 Bc3 17. Qc2 Bxa5 18. O-O Nd7 19. Nb3 Bb4 20. Nc1 a5 21. g3 Qf6
22. Ne2 Ne5 23. Nxe5 Qxe5 24. h4 a4 25. Nd4 cxd4 26. exd4 Qxd4 27. Rxb4 a3 28.
Rbb1 a2 29. Ra1 Ra3 30. Rfd1 Rfa8 31. Bf1 Qc5 32. Rd3 R3a4 33. Qb2 Qc7 34. h5
h6 35. Rb3 R4a7 36. Re3 Qd8 37. hxg6 fxg6 38. Re6 Kf7 39. Bd3 Bc8 40. Bxf5 gxf5
41. Rxh6 Rb7 42. Rh7+ Kg6 43. Rxb7 Bxb7 1/2-1/2

[Event "España tch 1a Division Sur"]
[Site "Burguillos ESP"]
[Date "2007.08.22"]
[Round "1.94"]
[White "Sanchez Marcos, Andres"]
[Black "Vallejo Diaz, Jesus"]
[Result "1/2-1/2"]
[WhiteElo "1915"]
[BlackElo "2270"]
[PlyCount "121"]
[EventDate "2007.08.22"]
[EventType "team"]
[EventRounds "1"]
[EventCountry "ESP"]
[EventCategory "1"]
[Source "lmi"]
[SourceDate "2007.08.22"]
[WhiteTeam "Magic"]
[BlackTeam "Amigos del Retiro"]

1. e4 c5 2. Nc3 e6 3. g3 Nc6 4. Bg2 Nge7 5. f4 d5 6. d3 g6 7. Nf3 Bg7 8. O-O
Rb8 9. a3 b5 10. Ne2 a5 11. g4 f5 12. gxf5 exf5 13. e5 Qc7 14. d4 c4 15. b3 Nd8
16. Be3 Ne6 17. Bf2 Bh6 18. Bg3 Qc6 19. Re1 Rb7 20. b4 O-O 21. h4 Kh8 22. Ng5
Bg7 23. Nc3 h6 24. Nh3 Bd7 25. Bf2 Ra8 26. Qf3 Nc7 27. Kh2 Be6 28. Bh1 axb4 29.
axb4 Rba7 30. Rxa7 Rxa7 31. Ne2 Ra2 32. Qc3 Qa8 33. Rb1 Qa3 34. Qxa3 Rxa3 35.
c3 Na8 36. Be1 Nb6 37. Bf3 Na4 38. Nf2 Bf8 39. Kg3 Nc6 40. Nd1 Be7 41. Ne3 Nb6
42. Bd2 Nb8 43. Bc1 Ra2 44. Rb2 Ra1 45. Bd2 N8d7 46. Nc2 Ra7 47. Nc1 Na4 48.
Ra2 Ndb6 49. Ne3 Bd8 50. Bd1 Rg7 51. Bc2 Kg8 52. Ne2 Rb7 53. Ng1 g5 54. Nf3 g4
55. Ne1 h5 56. Nd1 Ra7 57. Ne3 Rf7 58. Nd1 Kg7 59. Ng2 Ra7 60. Nge3 Kg6 61. Nb2
1/2-1/2

[Event "España tch 1a Division Sur"]
[Site "Burguillos ESP"]
[Date "2007.08.22"]
[Round "1.101"]
[White "Perez Garcia, Roberto"]
[Black "Campora Sivori, Daniel"]
[Result "0-1"]
[WhiteElo "2206"]
[BlackElo "2530"]
[PlyCount "92"]
[EventDate "2007.08.22"]
[EventType "team"]
[EventRounds "1"]
[EventCountry "ESP"]
[EventCategory "1"]
[Source "lmi"]
[SourceDate "2007.08.22"]
[WhiteTeam "Alekhine Espartinas"]
[BlackTeam "Tiendas UPI B"]

1. d4 Nf6 2. c4 e6 3. Nc3 Bb4 4. Qc2 c5 5. dxc5 Na6 6. a3 Qa5 7. Bd2 Nxc5 8.
O-O-O Bxc3 9. Bxc3 Qa4 10. Qxa4 Nxa4 11. Bd4 b6 12. f3 Ke7 13. e4 d6 14. e5
dxe5 15. Bxe5 Ne8 16. Ne2 f6 17. Bg3 Bd7 18. b3 Nc5 19. Kb2 h5 20. Nf4 Rh6 21.
h4 e5 22. Nd5+ Kd8 23. Bf2 Nc7 24. Nxc7 Kxc7 25. Bxc5 bxc5 26. Rd5 Bc6 27. Rxc5
Kb6 28. b4 Rd8 29. Kc1 Rg6 30. Ra5 Rd4 31. c5+ Kb7 32. b5 Bd5 33. c6+ Kb8 34.
c7+ Kxc7 35. Rxa7+ Bb7 36. a4 Kb6 37. Rxb7+ Kxb7 38. a5 f5 39. Rg1 Rgd6 40. Be2
Ra4 41. a6+ Kb6 42. Kb1 Rd2 43. Re1 Rb4+ 44. Ka1 Rxh4 45. g3 Rhd4 46. f4 Re4
0-1

[Event "España tch 1a Division Sur"]
[Site "Burguillos ESP"]
[Date "2007.08.22"]
[Round "1.103"]
[White "Corbalan Gomez, Juan Jose"]
[Black "Ruiz Jimenez, Francisco Jose"]
[Result "1/2-1/2"]
[WhiteElo "2126"]
[BlackElo "2215"]
[PlyCount "84"]
[EventDate "2007.08.22"]
[EventType "team"]
[EventRounds "1"]
[EventCountry "ESP"]
[EventCategory "1"]
[Source "lmi"]
[SourceDate "2007.08.22"]
[WhiteTeam "Alekhine"]
[BlackTeam "Tiendas UPI B"]

1. e4 c5 2. Nf3 Nc6 3. d4 cxd4 4. Nxd4 g6 5. Nc3 Bg7 6. Be3 Nf6 7. Bc4 Qa5 8.
O-O O-O 9. Bb3 d6 10. h3 Bd7 11. f4 Nxd4 12. Bxd4 Bc6 13. Qd3 Rae8 14. e5 dxe5
15. fxe5 Nd5 16. e6 fxe6 17. Bxg7 Kxg7 18. Qd4+ Nf6 19. Bxe6 Qg5 20. Rf2 Rd8
21. Qb4 Nh5 22. Raf1 Rd2 23. Rxd2 Rxf1+ 24. Kxf1 Qxd2 25. Qxe7+ Kh6 26. Qf8+
Kg5 27. Qc5+ Kh6 28. Bd5 Qc1+ 29. Kf2 Qxc2+ 30. Kg1 Qc1+ 31. Kh2 Qf4+ 32. Kg1
Qc1+ 33. Kh2 Qf4+ 34. Kg1 Qc1+ 35. Kh2 Bxd5 36. Qf8+ Kg5 37. Nxd5 Qxb2 38. Qe7+
Kh6 39. Ne3 Nf6 40. Qf8+ Kh5 41. Qc5+ Kh6 42. Qf8+ Kh5 1/2-1/2

[Event "España tch 1a Division Sur"]
[Site "Burguillos ESP"]
[Date "2007.08.22"]
[Round "1.104"]
[White "Castillo Gallego, Sergio"]
[Black "Herrera Oliva, Enrique"]
[Result "1-0"]
[WhiteElo "2207"]
[BlackElo "1953"]
[PlyCount "57"]
[EventDate "2007.08.22"]
[EventType "team"]
[EventRounds "1"]
[EventCountry "ESP"]
[EventCategory "1"]
[Source "lmi"]
[SourceDate "2007.08.22"]
[WhiteTeam "Tiendas UPI B"]
[BlackTeam "Alekhine Espartinas"]

1. e4 e5 2. Nf3 Nc6 3. Bb5 a6 4. Ba4 Nf6 5. O-O b5 6. Bb3 Be7 7. Re1 d6 8. c3
O-O 9. d4 Bg4 10. Be3 Na5 11. Bc2 c5 12. Nbd2 Qc7 13. h3 Bxf3 14. Nxf3 Rac8 15.
d5 Nc4 16. Bc1 Nb6 17. Qe2 Nbd7 18. b3 c4 19. b4 a5 20. a4 axb4 21. cxb4 bxa4
22. Bxa4 Ra8 23. Be3 Nb6 24. Bc6 Rxa1 25. Rxa1 Nfd7 26. Nd2 Nf6 27. Nxc4 Nxc4
28. Qxc4 Rb8 29. b5 1-0

[Event "España tch 1a Division Sur"]
[Site "Burguillos ESP"]
[Date "2007.08.22"]
[Round "1.111"]
[White "Martinez Martin, David"]
[Black "Osuna Vega, Enrique"]
[Result "1-0"]
[WhiteElo "2411"]
[BlackElo "2166"]
[PlyCount "101"]
[EventDate "2007.08.22"]
[EventType "team"]
[EventRounds "1"]
[EventCountry "ESP"]
[EventCategory "1"]
[Source "lmi"]
[SourceDate "2007.08.22"]
[WhiteTeam "Virgen de Atocha"]
[BlackTeam "Algeciras"]

1. d4 Nf6 2. c4 g6 3. Nc3 d5 4. Qa4+ c6 5. cxd5 Nxd5 6. Nf3 Bg7 7. e4 Nxc3 8.
bxc3 O-O 9. Be3 c5 10. Rc1 cxd4 11. cxd4 e6 12. Be2 Bd7 13. Qb4 Bc6 14. Qb1
Qa5+ 15. Nd2 f5 16. d5 exd5 17. exd5 f4 18. Rc5 Qd8 19. dxc6 fxe3 20. fxe3 Nxc6
21. Qxb7 Ne7 22. Qb3+ Kh8 23. Qd3 Qb6 24. Rb5 Qf6 25. Nf3 Rad8 26. Qb1 Qc3+ 27.
Kf2 Bh6 28. Qc1 Rc8 29. Qxc3+ Rxc3 30. e4 Be3+ 31. Ke1 Rd8 32. Bd1 Bf4 33. g3
Bh6 34. Kf2 Rc1 35. Ke2 Ra1 36. Rb2 Nc6 37. a4 Bg7 38. Rd2 Re8 39. Ng5 Ne5 40.
Rf1 h6 41. Nf7+ Nxf7 42. Rxf7 Rxe4+ 43. Kf3 Re8 44. Rxa7 Ra3+ 45. Kg2 Rae3 46.
Rdd7 Bf6 47. Rh7+ Kg8 48. Rxh6 R3e7 49. Rxg6+ Kf7 50. Rxe7+ Rxe7 51. Rg4 1-0

[Event "España tch 1a Division Sur"]
[Site "Burguillos ESP"]
[Date "2007.08.22"]
[Round "1.112"]
[White "Viñas Guerrero, Carlos Alberto"]
[Black "Gonzalez Somoza, Oliver"]
[Result "1/2-1/2"]
[WhiteElo "2105"]
[BlackElo "2343"]
[PlyCount "96"]
[EventDate "2007.08.22"]
[EventType "team"]
[EventRounds "1"]
[EventCountry "ESP"]
[EventCategory "1"]
[Source "lmi"]
[SourceDate "2007.08.22"]
[WhiteTeam "Algeciras"]
[BlackTeam "Virgen de Atocha"]

1. e4 c5 2. c3 d5 3. exd5 Qxd5 4. d4 Nc6 5. Nf3 Bg4 6. Be2 e6 7. h3 Bxf3 8.
Bxf3 Qd7 9. O-O cxd4 10. cxd4 Rd8 11. Be3 Bb4 12. Qa4 Nge7 13. Nc3 O-O 14. Rfd1
Bxc3 15. bxc3 Ne5 16. Qxa7 Nxf3+ 17. gxf3 Ra8 18. Qb6 Ra6 19. Qb3 Qc6 20. Rab1
Nd5 21. Bd2 Nb6 22. Kg2 Rc8 23. Qb5 Qxb5 24. Rxb5 Nc4 25. Rxb7 Rxa2 26. Bf4 h6
27. h4 f6 28. Re1 Ra6 29. h5 Re8 30. Rc7 Ra4 31. Rb1 e5 32. dxe5 Nxe5 33. Bg3
Kh7 34. Rbb7 Rg8 35. Re7 Nd3 36. Kh3 Nf4+ 37. Kg4 Nd5+ 38. Re4 Nxc3 39. Rxa4
Nxa4 40. Bh4 Rf8 41. Rc7 Nb6 42. f4 Nc8 43. Bxf6 Rxf6 44. Rxc8 Rf7 45. Rc6 Ra7
46. f5 Ra2 47. Kg3 Ra5 48. Kg4 Ra2 1/2-1/2

[Event "España tch 1a Division Sur"]
[Site "Burguillos ESP"]
[Date "2007.08.22"]
[Round "1.114"]
[White "Diaz Montenegro, Ignacio"]
[Black "Perez De Aranda, Leonardo Ivan"]
[Result "0-1"]
[WhiteElo "2017"]
[BlackElo "2160"]
[PlyCount "63"]
[EventDate "2007.08.22"]
[EventType "team"]
[EventRounds "1"]
[EventCountry "ESP"]
[EventCategory "1"]
[Source "lmi"]
[SourceDate "2007.08.22"]
[WhiteTeam "Algeciras"]
[BlackTeam "Virgen de Atocha"]

1. c4 c5 2. Nc3 g6 3. g3 Bg7 4. Bg2 Nc6 5. Nf3 d6 6. O-O e6 7. e3 Nge7 8. b3
O-O 9. Bb2 Rb8 10. d4 cxd4 11. Nxd4 Nxd4 12. exd4 Qa5 13. Re1 Nf5 14. Ne2 b5
15. cxb5 Qxb5 16. Rc1 Ba6 17. Bc3 d5 18. Qd2 Rfc8 19. Bf1 Qb6 20. Red1 Bxe2 21.
Bxe2 Bh6 22. f4 e5 23. Bg4 exf4 24. Bxf5 gxf5 25. gxf4 Qe6 26. Rf1 Kh8 27. Rf3
Rg8+ 28. Kh1 Rg4 29. Rcf1 Rbg8 30. Qe3 Qg6 31. Qe5+ f6 32. Qe3 0-1

[Event "España tch 1a Division Sur"]
[Site "Burguillos ESP"]
[Date "2007.08.22"]
[Round "1.122"]
[White "Camacho Collados, Jose"]
[Black "Lopez Pereyra, Antonio"]
[Result "1-0"]
[WhiteElo "2269"]
[BlackElo "2125"]
[PlyCount "57"]
[EventDate "2007.08.22"]
[EventType "team"]
[EventRounds "1"]
[EventCountry "ESP"]
[EventCategory "1"]
[Source "lmi"]
[SourceDate "2007.08.22"]
[WhiteTeam "Motril"]
[BlackTeam "El Sauzal"]

1. e4 c5 2. Nf3 Nc6 3. d4 cxd4 4. Nxd4 Nf6 5. Nc3 d6 6. Bc4 Na5 7. Bb5+ Bd7 8.
Qe2 a6 9. Bxd7+ Qxd7 10. Bg5 e6 11. Bxf6 gxf6 12. f4 h5 13. f5 Rc8 14. fxe6
fxe6 15. O-O Bg7 16. Rf3 Nc4 17. Rg3 Rh7 18. Rf1 Qe7 19. Rh3 h4 20. Qg4 Kd7 21.
Nd5 f5 22. Nxf5 Qf8 23. Nxg7 Qxg7 24. Nf6+ Ke7 25. Rxh4 Ne5 26. Rxh7 Qxh7 27.
Qg5 Qg6 28. Nd5+ Kd7 29. Qxg6 1-0

[Event "España tch 1a Division Sur"]
[Site "Burguillos ESP"]
[Date "2007.08.22"]
[Round "1.123"]
[White "Perez Gutierrez, Nauzet"]
[Black "Camacho Collados, Marcos"]
[Result "0-1"]
[WhiteElo "2014"]
[BlackElo "2239"]
[PlyCount "69"]
[EventDate "2007.08.22"]
[EventType "team"]
[EventRounds "1"]
[EventCountry "ESP"]
[EventCategory "1"]
[Source "lmi"]
[SourceDate "2007.08.22"]
[WhiteTeam "El Sauzal"]
[BlackTeam "Motril"]

1. e4 c5 2. f4 e6 3. Nf3 d5 4. Bb5+ Bd7 5. Bxd7+ Nxd7 6. exd5 exd5 7. Qe2+ Qe7
8. Nc3 Qxe2+ 9. Nxe2 Ngf6 10. d3 Bd6 11. O-O O-O 12. Bd2 Rac8 13. Ng3 g6 14.
Rae1 Rc6 15. Re2 Rb6 16. Bc1 Ra6 17. a3 c4 18. Ne5 Nxe5 19. fxe5 Bc5+ 20. Kh1
cxd3 21. cxd3 Nd7 22. Rf4 Be7 23. Rd4 Rc8 24. Bd2 Rac6 25. Rxd5 Rc1+ 26. Be1
R8c2 27. Rxd7 Rxe2 28. Nxe2 Rxe1+ 29. Ng1 Bg5 30. h4 Be3 31. Rxb7 Bxg1 32. g3
Bb6+ 33. Kg2 Rxe5 34. b4 Re2+ 35. Kh3 0-1

[Event "España tch 1a Division Sur"]
[Site "Burguillos ESP"]
[Date "2007.08.22"]
[Round "1.124"]
[White "Fernandez Montoro, Jorge"]
[Black "Cruz Veloz, Merquis Jesus"]
[Result "1/2-1/2"]
[WhiteElo "2190"]
[BlackElo "1838"]
[PlyCount "140"]
[EventDate "2007.08.22"]
[EventType "team"]
[EventRounds "1"]
[EventCountry "ESP"]
[EventCategory "1"]
[Source "lmi"]
[SourceDate "2007.08.22"]
[WhiteTeam "Motril"]
[BlackTeam "El Sauzal"]

1. e4 c5 2. Nf3 e6 3. d4 cxd4 4. Nxd4 a6 5. Nc3 Qc7 6. g3 b5 7. Bg2 Bb7 8. O-O
Nc6 9. Re1 Nxd4 10. Qxd4 b4 11. Nd5 Bxd5 12. exd5 Rc8 13. dxe6 fxe6 14. Bg5 Qc5
15. Qg4 h5 16. Be4 Qxf2+ 17. Kxf2 Bc5+ 18. Kg2 hxg4 19. Bg6+ Kf8 20. Rad1 Nf6
21. Bxf6 gxf6 22. Rxd7 Rc6 23. Red1 Be7 24. Be4 Rc5 25. Ra7 Rch5 26. Rdd7 Rxh2+
27. Kf1 f5 28. Rxe7 fxe4 29. Reb7 Rh1+ 30. Ke2 R8h2+ 31. Ke3 Re1+ 32. Kf4 Rf1+
33. Kxg4 Kg8 34. Rb8+ Rf8 35. Rxb4 e3 36. Re4 Rxc2 37. Rxe3 Rxb2 38. Rxa6 Rb4+
39. Kh3 Kg7 40. Raxe6 Ra4 41. Re7+ Kf6 42. R7e6+ Kg7 43. Re7+ Kf6 44. R3e6+ Kf5
45. Re2 Rh8+ 46. Kg2 Rha8 47. Rf2+ Kg6 48. Ree2 Ra3 49. Kh3 R8a4 50. Rb2 Ra5
51. Rfc2 Rh5+ 52. Kg2 Rha5 53. Rd2 Kg5 54. Kh3 R3a4 55. Rf2 Ra3 56. Rf4 Rxa2
57. Rb8 R2a4 58. Rg8+ Kh6 59. Kg4 Ra6 60. Rg5 R6a5 61. Rgf5 Kg6 62. Rf6+ Kg7
63. Rb6 Rxf4+ 64. gxf4 Kf7 65. Rc6 Rb5 66. Rh6 Ra5 67. Rh7+ Kf6 68. Rc7 Rb5 69.
Rc6+ Kf7 70. f5 Rb1 1/2-1/2

[Event "España tch 1a Division Sur"]
[Site "Burguillos ESP"]
[Date "2007.08.22"]
[Round "1.131"]
[White "Razmyslov, Alexander"]
[Black "Lara Lopez, Jose"]
[Result "1-0"]
[WhiteElo "2354"]
[BlackElo "2173"]
[PlyCount "62"]
[EventDate "2007.08.22"]
[EventType "team"]
[EventRounds "1"]
[EventCountry "ESP"]
[EventCategory "1"]
[Source "lmi"]
[SourceDate "2007.08.22"]
[WhiteTeam "Olivares"]
[BlackTeam "La Puerta"]

1. e4 e6 2. d4 d5 3. Nd2 dxe4 4. Nxe4 Nf6 5. Nxf6+ Qxf6 6. Nf3 h6 7. h4 Nd7 8.
Bg5 Qf5 9. Bd3 Qa5+ 10. Bd2 Qb6 11. Qe2 Nf6 12. O-O Be7 13. c4 c6 14. b4 Qc7
15. a4 Bd7 16. Ne5 g5 17. b5 c5 18. d5 exd5 19. cxd5 Nxd5 20. b6 axb6 21. Nxd7
Kxd7 22. Bc4 Nf4 23. Qg4+ Ke8 24. Bc3 Rg8 25. Qf5 Bd6 26. Rfe1+ Kf8 27. Qh7 Ne6
28. Qxh6+ Ng7 29. hxg5 b5 30. axb5 Rxa1 31. Rxa1 Ke7 1-0